Sjednocení výchovných vlivů školy a rodiny /

Hlavní autor: Matoušková, Květoslava, 1939-
Jazyk: Čeština
Vydáno: Pustiměř : [s.n., 1956]
Témata:
Fyzický popis: 20 s.
Knihy
Uloženo v:
LEADER 00720nam a2200205 a 4500
001 000473524
003 CZ BrMZK
005 20051012140655.0
008 010907s1956 xr cze d
040 |a BOA001  |b cze  |c BOA002 
100 1 |a Matoušková, Květoslava,  |d 1939-  |7 mzk2003190649  |4 aut 
245 1 0 |a Sjednocení výchovných vlivů školy a rodiny /  |c Květoslava Matoušková 
260 |a Pustiměř :  |b [s.n.,  |c 1956] 
300 |a 20 s. 
500 |a Strojopis 
500 |a Pedagogické čtení, č. 7, 1956 
910 |a BOA001  |b PK-N-0008.602 
964 |a Rodina - škola - spolupráce - zkušenosti 
990 |a BK 
996 7 |b 3119837900  |c PK-N-0008.602  |l MZK  |r Sklad / do 1 hodiny  |n 14  |w 000473524  |u 000010  |a 1  |e BOA001  |j MZK50  |s A